| 000 | 00415nam a2200145 i 4500 | ||
|---|---|---|---|
| 001 | 75204 | ||
| 003 | ES-MaACL | ||
| 005 | 20230906172353.0 | ||
| 007 | t| | ||
| 008 | 040923s1971 sp ||||1| spa d | ||
| 245 | 0 | 0 |
_aGraduados sociales _b: legislación vigente. |
| 260 |
_a[Zaragoza : _bColegio Oficial de Graduados Sociales del Ebro, _c1971] |
||
| 300 |
_a72 p. ; _c25 cm. |
||
| 852 |
_aES-MaACL _jC-41784 _bR.78514 |
||
| 999 |
_c75204 _d75204 |
||